Catálogo público

Normal view MARC view

Entry Nombre de reunión

Number of records used in: 1

001 - NÚMERO DE CONTROL

  • campo de control: 179934

003 - IDENTIFICADOR DEL NÚMERO DE CONTROL

  • campo de control: OSt

005 - FECHA Y HORA DE LA ÚLTIMA TRANSACCIÓN

  • campo de control: 20220601074646.0

008 - DATOS DE LONGITUD FIJA

  • campo de control de longitud fija: 220601|| aca||aabn | a|a d

040 ## - FUENTE DE LA CATALOGACIÓN

  • Centro catalogador/agencia de origen: OSt
  • Centro/agencia transcriptor: OSt

111 ## - ENCABEZAMIENTO--NOMBRE DE CONGRESO/REUNIÓN

  • Nombre de congreso/reunión o jurisdicción como elemento de entrada: Seminario Internacional del Centro de Ganadería del Colegio de Postgraduados. (septiembre 1990 : Montecillo, México.)

670 ## - FUENTE DE DATOS ENCONTRADOS

  • Cita de la fuente: Work cat.: (OSt)212677: Seminario Internacional del Centro de Ganadería del Colegio de Postgraduados. (septiembre 1990 : Montecillo, México.), Mejoramiento genético de bovinos lecheros : aspectos relevante / editor José Espinoza Velázquez